000 00567nam a2200205Ia 4500
001 9271
003 GE_BSU
008 181216s||||||||xx |||||||||||||| ||und||
040 _cGE_BSU
100 _aლორთქიფანიძე,ნიკო
245 _aუიალქნოდ
245 _bმოთხრობები
260 _aთბილისი
260 _bსახელგამი
260 _c1934
300 _a259გვ.16სმ.
653 _aმოთხრობები
653 _aუიალქნოდ
942 _cBK
999 _c42572
_d42572